000
00305nam a2200133Ia 4500
008
190216s9999||||xx |||||||||||||| ||und||
100
_a
Gupta S L And Kumar V
245
0
_a
Solid State Physics
250
_a
4th ed
260
_b
K Nath & Co
_c
1983
300
_a
608 p
650
_a
Physics
942
_c
BK
999
_c
32909
_d
32909